Statistics for Andy Williams Charting Songs (Billboard Hot 100)

Click here to take the quiz!

General Stats

  • This quiz has been taken 9 times
  • The average score is 14 of 41

Answer Stats

AlbumWeeks OnPeakArtist(s)Song% Correct
Days of Wine and Roses12 Weeks#26Andy WilliamsDays of Wine and Roses
86%
The Andy Williams Christmas Album39 Weeks#5Andy WilliamsIt's the Most Wonderful Time of the Year
86%
Lonely Street16 Weeks#5Andy WilliamsLonely Street
86%
The Village of St. Bernadette13 Weeks#7Andy WilliamsThe Village of St. Bernadette
86%
The Wonderful World of Andy Williams10 Weeks#13Andy WilliamsA Fool Never Learns
71%
Andy Williams' Dear Heart5 Weeks#67Andy WilliamsAlmost There
71%
Newest Hits7 Weeks#36Andy Williams...And Roses and Roses
71%
You've Got a Friend4 Weeks#82Andy WilliamsA Song for You
71%
Days of Wine and Roses15 Weeks#2Andy WilliamsCan't Get Used to Losing You
71%
Andy Williams' Dear Heart11 Weeks#24Andy WilliamsDear Heart
71%
Happy Heart11 Weeks#22Andy WilliamsHappy Heart
71%
Non-Album Single11 Weeks#13Andy WilliamsHopeless
71%
The Great Songs From "My Fair Lady" and Other Broadway Hits8 Weeks#28Andy WilliamsOn the Street Where You Live
71%
Andy Williams' Best10 Weeks#37Andy WilliamsThe Bilbao Song
71%
Non-Album Single20 Weeks#11Andy WilliamsThe Hawaiian Wedding Song
71%
Andy Williams' Best7 Weeks#70Andy WilliamsDo You Mind?
57%
Love Theme from "The Godfather"11 Weeks#34Andy WilliamsSpeak Softly Love
57%
Danny Boy and Other Songs I Love to Sing6 Weeks#64Andy WilliamsDanny Boy
29%
Non-Album Single12 Weeks#17Andy WilliamsPromise Me, Love
29%
"Call Me Irresponsible" and Other Hit Songs from the Movies1 Week#100Andy WilliamsCharade
14%
The Andy Williams Christmas Album19 Weeks#18Andy WilliamsHappy Holiday / The Holiday Season
14%
In the Arms of Love8 Weeks#49Andy WilliamsIn the Arms of Love
14%
Andy Williams' Best7 Weeks#64Andy WilliamsYou Don't Want My Love
14%
Non-Album Single7 Weeks#40Andy WilliamsAin't It True
0%
Non-Album Single13 Weeks#33Andy Williams with the St. Charles Borromeo ChoirBattle Hymn of the Republic
0%
Non-Album Single3 Weeks#88Andy WilliamsCan't Help Falling in Love
0%
Newest Hits10 Weeks#39Andy WilliamsDon't You Believe It
0%
Non-Album Single2 Weeks#82Andy WilliamsFly by Night
0%
Non-Album Single4 Weeks#88Andy WilliamsMore and More
0%
Born Free8 Weeks#34Andy WilliamsMusic to Watch Girls By
0%
Non-Album Single4 Weeks#77Andy WilliamsOne Day of Your Life
0%
Newest Hits3 Weeks#92Andy WilliamsQuiet Nights of Quiet Stars
0%
Warm and Willing7 Weeks#38Andy WilliamsStranger on the Shore
0%
Raindrops Keep Fallin' on My Head6 Weeks#75Andy WilliamsSweet Memories
0%
Non-Album Single6 Weeks#72Andy WilliamsTell It Like It Is
0%
Newest Hits1 Week#99Andy WilliamsThe Wonderful World of the Young
0%
Two Time Winners3 Weeks#86Andy WilliamsTwilight Time
0%
Non-Album Single8 Weeks#50Andy WilliamsWake Me When It's Over
0%
Non-Album Single4 Weeks#92Andy & David WilliamsWhat's Your Name?
0%
Love Story13 Weeks#9Andy Williams(Where Do I Begin) Love Story
0%
Non-Album Single9 Weeks#34Andy WilliamsWrong for Each Other
0%

Score Distribution

Percentile by Number Answered

Percent of People with Each Score

Your Score History

You have not taken this quiz